| 000 | 01121nam a2200229Ia 4500 | ||
|---|---|---|---|
| 003 | Ost | ||
| 005 | 20260507075035.0 | ||
| 008 | 260507s9999||||xx |||||||||||||| ||und|| | ||
| 040 | _cfsecg | ||
| 041 | _aara | ||
| 082 | _a330 | ||
| 100 |
_aالعساف، عبد المعطي _eمؤلف |
||
| 245 | 0 |
_aالنموذج المتكامل لدراسة الإدارة العامة / _c عبد المعطي العساف |
|
| 250 | _aطبعة 2 | ||
| 260 |
_aعمان: _bدارالحامد للنشر, _c2001 |
||
| 300 |
_a315 صفحة؛ _bإيضاحات ؛ _c24 سم |
||
| 520 | _aالأسس المنهجية في دراسة الإدارة العامة- مقومات النظام الإداري وشروط الفعالية- محاور العملية الإدارية وشروط الفعالية- وظائف العملية الإدارية وشروط الفاعلية- إستراتيجية التطوير الإداري وشروط الفعالية | ||
| 653 | _aالإدارة العامة | ||
| 653 | _aالإستراتيجية -الإدارة العامة | ||
| 653 | _aالنظام الإداري | ||
| 942 | _cكتاب | ||
| 999 |
_c42444 _d42444 |
||